Energía y máquinas térmicas / Francisco Rosello Coria, Luis Francisco Arreola Quijada (Registro nro. 21995)
[ vista simple ]
| 000 -LÍDER | |
|---|---|
| fixed length control field | 00495nam a2200145 4500 |
| 008 - ELEMENTOS DE LONGITUD FIJA -- INFORMACIÓN GENERAL | |
| fixed length control field | 0 1983 0a 000 0mex |
| 020 ## - NÚMERO INTERNACIONAL NORMALIZADO PARA LIBROS | |
| ISBN | 968-18-1480-0 |
| 082 ## - NUMERO DE CLASIFICACION DECIMAL DEWEY | |
| Número de Clasificación | 621.402 R656e |
| 100 ## - ASIENTO PRINCIPAL--NOMBRE PERSONAL | |
| Nombre personal | Rosello Coria, Francisco |
| 245 ## - TÍTULO | |
| Título | Energía y máquinas térmicas / Francisco Rosello Coria, Luis Francisco Arreola Quijada |
| 260 ## - PUBLICACIÓN, DISTRIBUCIÓN, ETC. (PIE DE IMPRENTA) | |
| Lugar de publicación, distribución, etc. | México : Limusa |
| 300 ## - DESCRIPCIÓN FÍSICA | |
| Extensión | 462 p. / 28 cm |
| 650 ## - ASIENTO SECUNDARIO DE MATERIA - TERMINO TEMÁTICO | |
| Término temático o nombre geográfico como elemento de entrada | 1. MAQUINAS TERMICAS 2. ENERGIA |
| 700 ## - ASIENTO SECUNDARIO - NOMBRE PERSONAL | |
| Nombre personal | 1. Arreola Quijada, Luis Francisco. coaut. |
| No. biblioteca | No. biblioteca | Número de clasificación | Código de barras/Número de adquisición | Número de copia | Tipo de material |
|---|---|---|---|---|---|
| LUIS G. INCLAN | LUIS G. INCLAN | 621.402 R656e | 9627 | 2 | Libros |
| LUIS G. INCLAN | LUIS G. INCLAN | 621.402 R656e | 9628 | 3 | Libros |
| LUIS G. INCLAN | LUIS G. INCLAN | 621.402 R656e | 9629 | 4 | Libros |
